Normal view
MARC view
- NC Abshar Hassan NC Aleena Khan NC Mehre Taban
Entry Personal Name
001 - CONTROL NUMBER
- control field: 103586
003 - CONTROL NUMBER IDENTIFIER
- control field: NUST
005 - DATE AND TIME OF LATEST TRANSACTION
- control field: 20221125111421.0
008 - FIXED-LENGTH DATA ELEMENTS
- fixed length control field: 221125|| aca||aabn | a|a d
040 ## - CATALOGING SOURCE
- Original cataloging agency: NUST
- Transcribing agency: NUST
100 ## - HEADING--PERSONAL NAME
- Personal name: NC Abshar Hassan NC Aleena Khan NC Mehre Taban
670 ## - SOURCE DATA FOUND
- Source citation: Work cat.: (NUST): NC Abshar Hassan NC Aleena Khan NC Mehre Taban , PR-SOF-2203-Design of A Pattern Diversified Microstrip Patch Antenna For Sub-6 GHZ 5G Communication Applications, 2022
